Statistics for Countries in the NBA 2023

Click here to take the quiz!

General Stats

  • This quiz has been taken 29 times
  • The average score is 26 of 42

Answer Stats

Number of playersNationalities% Correct
22Canada
100%
2United Kingdom
100%
381United States of America
100%
6Germany
96%
1Brazil
93%
2Argentina
89%
10Australia
89%
9France
89%
2Japan
89%
5Spain
89%
3Greece
85%
2Ukraine
81%
2Italy
78%
1Portugal
78%
5Serbia
74%
3Cameroon
70%
1Finland
70%
2Latvia
70%
4Turkey
70%
1New Zealand
67%
5Nigeria
67%
3Croatia
63%
2Lithuania
63%
3Slovenia
63%
1Switzerland
63%
1Austria
59%
1Bosnia and Herzegovina
59%
2Dominican Republic
59%
2DR Congo
52%
2Montenegro
48%
3Bahamas
44%
1Jamaica
44%
1Czech Republic
41%
1Sudan
41%
1Angola
37%
1Israel
37%
1Senegal
37%
1South Sudan
30%
2Georgia
22%
1Saint Lucia
11%
1Guinea
7%
1Republic of Congo
0%

Score Distribution

Percentile by Number Answered

Percent of People with Each Score

Your Score History

You have not taken this quiz